| 000 | 00673nam a2200217Ia 4500 | ||
|---|---|---|---|
| 003 | OSt | ||
| 005 | 20240530115009.0 | ||
| 008 | 210210b2019 xxu||||| |||| 00| 0 eng d | ||
| 040 | _cAL | ||
| 041 | _aKannada | ||
| 082 | _aK894.3 VALK | ||
| 100 |
_aQUADROS (Valley) _985215 _dವಲ್ಲಿ ಕ್ವಾಡ್ರಸ್ |
||
| 245 |
_aKangala, kukkehalli mattu kategalu _bಕಂಗಳ, ಕುಕ್ಕೆಹಳ್ಳಿ ಮತ್ತು ಕತೆಗಳು |
||
| 260 |
_aMangaluru _bAshavadi Prakashan _c2019 |
||
| 300 | _a81 | ||
| 650 |
_aKangala _985216 |
||
| 690 |
_aKannada Fiction _985217 |
||
| 700 |
_aKVADRAS (Valli) _985218 |
||
| 906 | _a073804 | ||
| 942 |
_2ddc _cBK |
||
| 999 |
_c123590 _d123590 |
||